A-Z fast typing starting at M - Statistics

General Stats
  • This quiz has been taken 83 times
  • The average score is 23 of 26
Answer Stats
Answers % Correct
M
100%
N
98%
O
95%
P
95%
Q
93%
R
93%
S
93%
T
93%
U
93%
V
93%
W
93%
X
93%
Y
90%
Z
90%
A
88%
B
88%
C
88%
D
83%
E
83%
F
83%
G
83%
H
83%
I
83%
J
83%
K
83%
L
83%
No matching quizzes found
Score Distribution
Percent of People with Each Score
Percentile by Number Answered
Your Score History
You have not taken this quiz